000 00588nam a2200229Ia 4500
003 OSt
005 20221007101821.0
006 a|||||r|||| 00| 0
007 ta
008 221006b |||||||| |||| 00| 0 eng d
024 _a8,166
037 _cTextual
040 _aLCO
_cLCO
_beng
041 _2eng
_aeng
082 _aW94qN55, L1
245 0 _aINDIA, LAW (Ministry of ---), The Citizen Act, 1955 (Diglot)
260 _aDelhi
_bGovt. of India
_c1971
300 _a20
650 _aINDIA LAW
942 _hW94qN55, L1
_cTEXL
999 _c1177729
_d1177729